Stati per minore Indice di percezione della corruzione - Statistics

Statistiche generali
  • Questo quiz è stato fatto 6 volte
  • Il punteggio medio è 12 su 15
Statistiche sulle risposte
Punteggio Continente Nazione % Corretto
75 Oceania Australia
100%
73 Europa Belgio
80%
76 America del Nord Canada
80%
90 Europa Danimarca
80%
76 Europa Estonia
80%
87 Europa Finlandia
80%
77 Europa Irlanda
80%
78 Europa Lussemburgo
80%
84 Europa Norvegia
80%
85 Oceania Nuova Zelanda
80%
79 Europa Paesi Bassi
80%
83 Asia Singapore
80%
82 Europa Svezia
80%
82 Europa Svizzera
60%
78 Europa Germania
40%
Nessun quiz corrispondente trovato
Distribuzione punteggi
Percentuale di utenti per punteggio
Percentile per numero di risposta
I tuoi punteggi nel tempo
Non hai fatto questo quiz